Flashdance (Lp Original Soundtrack From The Motion Picture) (Record n. 101154)

Dettagli MARC
000 -LEADER
fixed length control field 03090njm a2200553Ia 4500
001 - CONTROL NUMBER
control field 21289
003 - CONTROL NUMBER IDENTIFIER
control field IT-RoPAU
005 - DATE AND TIME OF LATEST TRANSACTION
control field 20220918181139.0
008 - FIXED-LENGTH DATA ELEMENTS--GENERAL INFORMATION
fixed length control field 131025s9999 xx 000 0 und d
040 ## - CATALOGING SOURCE
Original cataloging agency IT-RoPAU
040 ## - CATALOGING SOURCE
Transcribing agency IT-RoPAU
041 ## - LANGUAGE CODE
Language code of text/sound track or separate title INGLESE
999 ## - SYSTEM CONTROL NUMBERS (KOHA)
Koha Dewey Subclass [OBSOLETE] n.d.
100 ## - MAIN ENTRY--PERSONAL NAME
Personal name AA.VV.
9 (RLIN) 794
100 ## - MAIN ENTRY--PERSONAL NAME
Relator term Autore musica
9 (RLIN) 5568
100 ## - MAIN ENTRY--PERSONAL NAME
Miscellaneous information Codice autore musica SPICS: 12000
9 (RLIN) 796
245 ## - TITLE STATEMENT
Title Flashdance (Lp Original Soundtrack From The Motion Picture)
250 ## - EDITION STATEMENT
Edition statement 1a ed.
260 ## - PUBLICATION, DISTRIBUTION, ETC. (IMPRINT)
Place of publication, distribution, etc. ITALIA
260 ## - PUBLICATION, DISTRIBUTION, ETC. (IMPRINT)
Name of publisher, distributor, etc. POLYGRAM
Date of publication, distribution, etc. 1983 [1a Ed.:1983 - Ed. Lingua Orig.: 1983]
300 ## - PHYSICAL DESCRIPTION
Extent DISCO
300 ## - PHYSICAL DESCRIPTION
Dimensions 38 minuti (Testo: pag.)
500 ## - GENERAL NOTE
General note Colonna sonora dell'omonimo film. Musica da film.
505 ## - FORMATTED CONTENTS NOTE
Formatted contents note Imagination [(Boddicker/Hey/Ramone/Sembello-Laura Branigan) (4:00)] - Romeo (4:00) - Seduce Me Tonight (4:00) - I'll Be Here Where the Heart Is (5:00) - Maniac (5:00) - Flashdance... What a Feeling (4:00) - He's a Dream (4:00) - Love Theme From Flashdance (4:00) - Manhunt 83:00) - Lady, Lady, Lady (5:00)
511 ## - PARTICIPANT OR PERFORMER NOTE
Participant or performer note Donna Summer
511 ## - PARTICIPANT OR PERFORMER NOTE
Participant or performer note Cycle V
511 ## - PARTICIPANT OR PERFORMER NOTE
Participant or performer note Shandi
511 ## - PARTICIPANT OR PERFORMER NOTE
Participant or performer note Helen St. John
511 ## - PARTICIPANT OR PERFORMER NOTE
Participant or performer note Karen Kamon
511 ## - PARTICIPANT OR PERFORMER NOTE
Participant or performer note Joe Esposito
650 ## - SUBJECT ADDED ENTRY--TOPICAL TERM
Topical term or geographic name as entry element COLONNA SONORA [DISCHI]
Relator term Codice MATERIA SPICS: 9950
9 (RLIN) 5569
700 ## - ADDED ENTRY--PERSONAL NAME
Personal name Boddicker M
Relator term Autore musica
Miscellaneous information Codice autore musica SPICS: 22588
Name of part/section of a work Imagination
9 (RLIN) 5570
700 ## - ADDED ENTRY--PERSONAL NAME
Personal name Ramone P.
Relator term Autore
Miscellaneous information Codice autore SPICS: 22589
Name of part/section of a work Imagination
9 (RLIN) 5571
700 ## - ADDED ENTRY--PERSONAL NAME
Personal name Sembello Michael
Relator term Autore testo/musica
Miscellaneous information Codice autore testo/musica SPICS: 22587
Name of part/section of a work Imagination - Maniac
9 (RLIN) 5572
700 ## - ADDED ENTRY--PERSONAL NAME
Personal name Branigan Laura
Relator term Autore
Miscellaneous information Codice autore SPICS: 22590
Name of part/section of a work Imagination - Romeo - Seduce Me Tonight
9 (RLIN) 5573
700 ## - ADDED ENTRY--PERSONAL NAME
Personal name Bellotte Pete
Relator term Autore musica
Miscellaneous information Codice autore musica SPICS: 22591
Name of part/section of a work Romeo
9 (RLIN) 5574
700 ## - ADDED ENTRY--PERSONAL NAME
Personal name Levay S.
Relator term Autore testo/musica
Miscellaneous information Codice autore testo/musica SPICS: 22592
Name of part/section of a work Romeo
9 (RLIN) 5575
700 ## - ADDED ENTRY--PERSONAL NAME
Personal name Moroder Giorgio
Relator term Autore musica
Miscellaneous information Codice autore musica SPICS: 1239
Name of part/section of a work Seduce Me Tonight - Love Theme From Flashdance - Lady, Lady, Lady
9 (RLIN) 5576
700 ## - ADDED ENTRY--PERSONAL NAME
Personal name Forsey Keith
Relator term Autore testo/musica
Miscellaneous information Codice autore testo/musica SPICS: 22593
Name of part/section of a work Seduce Me Tonight - Flashdance... What a Feeling - Lady, Lady, Lady
9 (RLIN) 5577
700 ## - ADDED ENTRY--PERSONAL NAME
Personal name Carnes Kim
Relator term Autore musica
Miscellaneous information Codice autore musica SPICS: 22594
Name of part/section of a work I'll Be Here Where the Heart Is
9 (RLIN) 5578
700 ## - ADDED ENTRY--PERSONAL NAME
Personal name Hitchings D.
Relator term Autore
Miscellaneous information Codice autore SPICS: 22595
Name of part/section of a work I'll Be Here Where the Heart Is
9 (RLIN) 5579
700 ## - ADDED ENTRY--PERSONAL NAME
Personal name Krampf C.
Relator term Autore testo/musica
Miscellaneous information Codice autore testo/musica SPICS: 22596
Name of part/section of a work I'll Be Here Where the Heart Is
9 (RLIN) 5580
700 ## - ADDED ENTRY--PERSONAL NAME
Personal name Matkosky Dennis
Relator term Autore testo/musica
Miscellaneous information Codice autore testo/musica SPICS: 22597
Name of part/section of a work Maniac
9 (RLIN) 5581
700 ## - ADDED ENTRY--PERSONAL NAME
Personal name Sinnamon S.
Relator term Autore musica
Miscellaneous information Codice autore musica SPICS: 22599
Name of part/section of a work He's a Dream
9 (RLIN) 5582
700 ## - ADDED ENTRY--PERSONAL NAME
Personal name Magness Ronald
Relator term Autore testo/musica
Miscellaneous information Codice autore testo/musica SPICS: 22600
Name of part/section of a work He's a Dream
9 (RLIN) 5583
700 ## - ADDED ENTRY--PERSONAL NAME
Personal name Cotler D.
Relator term Autore musica
Miscellaneous information Codice autore musica SPICS: 22601
Name of part/section of a work Manhunt
9 (RLIN) 5584
700 ## - ADDED ENTRY--PERSONAL NAME
Personal name Gilbert Robert
Relator term Autore testo/musica
Miscellaneous information Codice autore testo/musica SPICS: 14464
Name of part/section of a work Manhunt
9 (RLIN) 5585
942 ## - ADDED ENTRY ELEMENTS (KOHA)
Koha item type DISCHI
Source of classification or shelving scheme Dewey Decimal Classification
Dati di copia
Withdrawn status Lost status Damaged status Not for loan Home library Current library Date acquired Total Checkouts Full call number Date last seen Price effective from Koha item type Public note
    Buone Condizioni Not For Loan SPICS-MEDIATECA SPICS-MEDIATECA 25/10/2013   21289 25/10/2013 25/10/2013 DISCHI Progr. Ins.: 4589 / N.Vol.: 1 / Copie: 1 - Copia rara: n.d. / date import: 01.01.2014 - By Epidotti, Trombetti, Vaglietti
CREDITS: SOCIETA' SAN PAOLO Via A.Severo, 58 - ROMA (RM) & PERIODICI SAN PAOLO SRL Via Giotto, 36 MILANO & CISF Via Giotto, 36 MILANO & EDIZIONI SAN PAOLO SRL,  Piazza Soncino, 5 CINISELLO BALSAMO (MI) -- ITALY